The Changing Shape of Late Medieval Mysticism
| Main Author: | |
|---|---|
| Format: | Print Article |
| Language: | English |
| Check availability: | HBZ Gateway |
| Interlibrary Loan: | Interlibrary Loan for the Fachinformationsdienste (Specialized Information Services in Germany) |
| Published: |
1996
|
| In: |
Church history
Year: 1996, Volume: 65, Issue: 2, Pages: 197-219 |
| Standardized Subjects / Keyword chains: | B
Mysticism
/ Theology
/ History 1200-1600
|
| IxTheo Classification: | CB Christian life; spirituality KAE Church history 900-1300; high Middle Ages KAF Church history 1300-1500; late Middle Ages |
| Parallel Edition: | Electronic
|
MARC
| LEADER | 00000caa a22000002c 4500 | ||
|---|---|---|---|
| 001 | 1638728585 | ||
| 003 | DE-627 | ||
| 005 | 20220616110554.0 | ||
| 007 | tu | ||
| 008 | 160405s1996 xx ||||| 00| ||eng c | ||
| 035 | |a (DE-627)1638728585 | ||
| 035 | |a (DE-576)46467462X | ||
| 035 | |a (DE-599)BSZ46467462X | ||
| 040 | |a DE-627 |b ger |c DE-627 |e rakwb | ||
| 041 | |a eng | ||
| 084 | |a 1 |2 ssgn | ||
| 100 | 1 | |0 (DE-588)113839944 |0 (DE-627)510979149 |0 (DE-576)163942994 |4 aut |a McGinn, Bernard |d 1937- | |
| 109 | |a McGinn, Bernard 1937- |a McGinn, Bernard J. 1937- |a McGinn, B. 1937- |a Mc Ginn, Bernard 1937- |a MacGinn, Bernard 1937- |a MacGinn, Bernard John 1937- |a McGinn, Bernard John 1937- | ||
| 245 | 1 | 4 | |a The Changing Shape of Late Medieval Mysticism |
| 264 | 1 | |c 1996 | |
| 336 | |a Text |b txt |2 rdacontent | ||
| 337 | |a ohne Hilfsmittel zu benutzen |b n |2 rdamedia | ||
| 338 | |a Band |b nc |2 rdacarrier | ||
| 652 | |a CB:KAE:KAF | ||
| 689 | 0 | 0 | |d s |0 (DE-588)4041003-1 |0 (DE-627)104559519 |0 (DE-576)209043008 |2 gnd |a Mystik |
| 689 | 0 | 1 | |d s |0 (DE-588)4059758-1 |0 (DE-627)104131446 |0 (DE-576)209132159 |2 gnd |a Theologie |
| 689 | 0 | 2 | |q z |2 gnd |a Geschichte 1200-1600 |
| 689 | 0 | |5 (DE-627) | |
| 773 | 0 | 8 | |i In |t Church history |d Cambridge : Cambridge University Press, 1932 |g 65(1996), 2, Seite 197-219 |w (DE-627)129068306 |w (DE-600)1533-7 |w (DE-576)014399822 |x 0009-6407 |7 nnas |
| 773 | 1 | 8 | |g volume:65 |g year:1996 |g number:2 |g pages:197-219 |
| 776 | |i Erscheint auch als |n elektronische Ausgabe |w (DE-627)1779580304 |k Electronic | ||
| 935 | |a mteo | ||
| 951 | |a AR | ||
| ELC | |b 1 | ||
| ITA | |a 1 |t 1 | ||
| LOK | |0 000 xxxxxcx a22 zn 4500 | ||
| LOK | |0 001 3298519456 | ||
| LOK | |0 003 DE-627 | ||
| LOK | |0 004 1638728585 | ||
| LOK | |0 005 20160405115602 | ||
| LOK | |0 008 160404||||||||||||||||ger||||||| | ||
| LOK | |0 040 |a DE-Tue135 |c DE-627 |d DE-Tue135 | ||
| LOK | |0 092 |o n | ||
| LOK | |0 852 |a DE-Tue135 | ||
| LOK | |0 852 1 |9 00 | ||
| LOK | |0 935 |a ixzs |a ixmi | ||
| LOK | |0 936ln |0 1442043768 |a CB | ||
| LOK | |0 936ln |0 1442044462 |a KAE | ||
| LOK | |0 936ln |0 1442044535 |a KAF | ||
| LOK | |0 939 |a 04-04-16 |b l01 | ||
| ORI | |a SA-MARC-ixtheoa001.raw | ||
| REF | |a Theologiegeschichte | ||
| STA | 0 | 0 | |a Mysticism,Mysticism,Mysticism in literature,Mysticism in art,Mysticism and literature,Mysticism and poetry,Theology,Theology |
| STB | 0 | 0 | |a Mystique,Mystique,Mystique et littérature,Mystique et poésie,Théologie,Théologie |
| STC | 0 | 0 | |a Mística,Mística,Literatura mística,Misticismo,Misticismo,Teología,Teología |
| STD | 0 | 0 | |a Mistica,Mistica,Teologia,Teologia |
| STE | 0 | 0 | |a 神学家,神秘主义,神秘主义,密契主义,密契主义 |
| STF | 0 | 0 | |a 神學家,神秘主義,神秘主義,密契主義,密契主義 |
| STG | 0 | 0 | |a Mística,Mística,Teologia,Teologia |
| STH | 0 | 0 | |a Богословие (мотив),Богословие,Мистика (мотив),Мистика |
| STI | 0 | 0 | |a Θεολογία (μοτίβο),Θεολογία,Μυστικισμός <μοτίβο>,Μυστικισμός,Αποκρυφισμός (μοτίβο) |
| SYG | 0 | 0 | |a Christliche Theologie |
| TIM | |a 100012000101_100016001231 |b Geschichte 1200-1600 | ||